| 000 | 01318cam a22003617a 4500 | ||
|---|---|---|---|
| 003 | CHAP | ||
| 005 | 20220329142425.0 | ||
| 008 | 010115d2000 mx r 00110 spa d | ||
| 010 | _a83241 | ||
| 011 | _a84213 | ||
| 035 | _a94732 | ||
| 040 | _cCHAP | ||
| 090 | _aTesis | ||
| 100 | 0 | 0 |
_aCardeña Rodríguez, Jesús Benjamín. _918886 |
| 245 | 1 | 3 |
_aLa reactivación del sector forestal en el Estado de México _c/por Jesús Benjamín Cardeña Rodríguez |
| 260 |
_aChapingo, Méx. : _bEl autor, _c2000. |
||
| 300 |
_a56 h. : _bgráfs. ; mapas |
||
| 502 | _aTesis (Ing. Agr. Esp. en Bosques) -- UACH. División de Ciencias Forestales | ||
| 590 |
_aALEPH _b10 _c20130110 _lUCH01 _h1440 |
||
| 590 |
_aBATCH-UPD _b10 _c20130110 _lUCH01 _h2339 |
||
| 590 |
_aBATCH-UPD _b10 _c20130409 _lUCH01 _h1956 |
||
| 590 |
_aBATCH-UPD _b10 _c20130410 _lUCH01 _h0926 |
||
| 590 |
_aBATCH-UPD _b10 _c20130914 _lUCH01 _h1637 |
||
| 590 |
_aCONVERSION _b10 _c20130109 _lUCH01 _h1346 |
||
| 650 | 1 | 4 |
_aIndustrias forestales _xMéxico (Edo.) _957991 |
| 650 | 1 | 4 |
_aPolítica forestal _xMéxico (Edo.) _990589 |
| 650 | 1 | 4 |
_aRecursos forestales _xMéxico (Edo.) _995055 |
| 901 | _aBK | ||
| 905 | _aLilia Sánchez G. | ||
| 942 | _cFOLL | ||
| 949 |
_bBC _cTES _d33724000809133 _eTS2 _fc.2 _h37774 _i94732 _si |
||
| 949 |
_bBC _cTES _d947321 _eTS1 _h37773 _i94732 _sb |
||
| 999 |
_c83241 _d83241 |
||